Guess the Footballers by their Teams - Picture Edition #3 - Statistics

General Stats
  • This quiz has been taken 123 times
  • The average score is 12 of 15
Answer Stats
Picture Answer % Correct
Toni Kroos
99%
Neymar
91%
Ángel Di María
90%
Ashley Cole
88%
Sadio Mané
88%
Ivan Rakitić
86%
Eusébio
82%
Leonardo Bonucci
82%
César Azpilicueta
81%
Marouane Fellaini
80%
Wesley Sneijder
79%
Javier Zanetti
78%
Andriy Shevchenko
75%
Didier Deschamps
59%
Joleon Lescott
50%
No matching quizzes found
Score Distribution
Percent of People with Each Score
Percentile by Number Answered
Your Score History
You have not taken this quiz